ნორმალური ფორმატი
MARC ფორმატი
ჩანაწერი Topical Term
ჩანაწერთა რაოდენობა, რომელიც გამოყენებულია: 1
001 - CONTROL NUMBER
- control field: 23054
003 - CONTROL NUMBER IDENTIFIER
- control field: GE_BSU
005 - DATE AND TIME OF LATEST TRANSACTION
- control field: 20240802140723.0
008 - FIXED-LENGTH DATA ELEMENTS
- fixed length control field: 240802|| aca||aabn | a|a d
040 ## - CATALOGING SOURCE
- Original cataloging agency: GE_BSU
- Transcribing agency: GE_BSU
150 ## - HEADING--TOPICAL TERM
- Topical term or geographic name entry element: Clinical biochemistry
- Form subdivision: Outlines, syllabi, etc.
670 ## - SOURCE DATA FOUND
- Source citation: Work cat.: (GE_BSU): Harvey, Richard A., Ph. D. 23051, Lippincott's illustrated reviews: Biochemistry /, c2011.
